<?xml version="1.0" encoding="UTF-8"?>
<record
    xmlns:xsi="http://www.w3.org/2001/XMLSchema-instance"
    xsi:schemaLocation="http://www.loc.gov/MARC21/slim http://www.loc.gov/standards/marcxml/schema/MARC21slim.xsd"
    xmlns="http://www.loc.gov/MARC21/slim">

  <leader>02532    a2200325   4500</leader>
  <controlfield tag="001">TB12676</controlfield>
  <controlfield tag="003">IN-BhIIT</controlfield>
  <controlfield tag="005">20260116162342.0</controlfield>
  <controlfield tag="008">251226b        |||||||| |||| 00| 0 eng d</controlfield>
  <datafield tag="020" ind1=" " ind2=" ">
    <subfield code="a">9780521430647 (hbk.)</subfield>
  </datafield>
  <datafield tag="040" ind1=" " ind2=" ">
    <subfield code="a">IN-BhIIT</subfield>
  </datafield>
  <datafield tag="041" ind1=" " ind2=" ">
    <subfield code="a">eng</subfield>
  </datafield>
  <datafield tag="082" ind1=" " ind2=" ">
    <subfield code="a">518.2015153</subfield>
    <subfield code="b">PRE/N</subfield>
  </datafield>
  <datafield tag="100" ind1=" " ind2=" ">
    <subfield code="a">Press, William H.</subfield>
    <subfield code="e">Author</subfield>
    <subfield code="9">14963</subfield>
  </datafield>
  <datafield tag="245" ind1=" " ind2=" ">
    <subfield code="a">Numerical recipes in fortran 77 :</subfield>
    <subfield code="b">the art of scientific computing /</subfield>
    <subfield code="c">William H. Press ... [et.al.]</subfield>
  </datafield>
  <datafield tag="250" ind1=" " ind2=" ">
    <subfield code="a">2nd ed.</subfield>
  </datafield>
  <datafield tag="260" ind1=" " ind2=" ">
    <subfield code="a">New York :</subfield>
    <subfield code="b">Cambridge University Press,</subfield>
    <subfield code="c">1992.</subfield>
  </datafield>
  <datafield tag="300" ind1=" " ind2=" ">
    <subfield code="a">xxxi, 933 p. :</subfield>
    <subfield code="b">ill. ;</subfield>
    <subfield code="c">24 cm.</subfield>
  </datafield>
  <datafield tag="490" ind1=" " ind2=" ">
    <subfield code="a">Numerical Recipes; v.1</subfield>
  </datafield>
  <datafield tag="504" ind1=" " ind2=" ">
    <subfield code="a">Includes bibliographical references and index.</subfield>
  </datafield>
  <datafield tag="520" ind1=" " ind2=" ">
    <subfield code="a">This is the greatly revised and greatly expanded Second Edition of the hugely popular Numerical Recipes: The Art of Scientific Computing. The product of a unique collaboration among four leading scientists in academic research and industry Numerical Recipes is a complete text and reference book on scientific computing. In a self-contained manner it proceeds from mathematical and theoretical considerations to actual practical computer routines. With over 100 new routines bringing the total to well over 300, plus upgraded versions of the original routines, this new edition remains the most practical, comprehensive handbook of scientific computing available today. Highlights of the new material include: -A new chapter on integral equations and inverse methods -Multigrid and other methods for solving partial differential equations -Improved random number routines - Wavelet transforms -The statistical bootstrap method -A new chapter on "less-numerical" algorithms including compression coding and arbitrary precision arithmetic. The book retains the informal easy-to-read style that made the first edition so popular, while introducing some more advanced topics. It is an ideal textbook for scientists and engineers and an indispensable reference for anyone who works in scientific computing. The Second Edition is availabe in FORTRAN, the traditional language for numerical calculations and in the increasingly popular C language.</subfield>
  </datafield>
  <datafield tag="650" ind1=" " ind2=" ">
    <subfield code="a">Numerical language </subfield>
    <subfield code="9">27046</subfield>
  </datafield>
  <datafield tag="650" ind1=" " ind2=" ">
    <subfield code="a">FORTRAN [computer program language] </subfield>
    <subfield code="9">7089</subfield>
  </datafield>
  <datafield tag="650" ind1=" " ind2=" ">
    <subfield code="a">Numerical Analysis </subfield>
    <subfield code="9">2089</subfield>
  </datafield>
  <datafield tag="650" ind1=" " ind2=" ">
    <subfield code="a">Programming Languages</subfield>
    <subfield code="9">3313</subfield>
  </datafield>
  <datafield tag="700" ind1=" " ind2=" ">
    <subfield code="a">Flannery, Brian P.</subfield>
    <subfield code="e">Joint author</subfield>
    <subfield code="9">26883</subfield>
  </datafield>
  <datafield tag="700" ind1=" " ind2=" ">
    <subfield code="a">Teukolsky, Saul A.</subfield>
    <subfield code="e">Joint author</subfield>
    <subfield code="9">26805</subfield>
  </datafield>
  <datafield tag="700" ind1=" " ind2=" ">
    <subfield code="a">Vetterling,William T. </subfield>
    <subfield code="e">Joint author</subfield>
    <subfield code="9">26803</subfield>
  </datafield>
  <datafield tag="942" ind1=" " ind2=" ">
    <subfield code="c">TB</subfield>
  </datafield>
  <datafield tag="999" ind1=" " ind2=" ">
    <subfield code="c">15210</subfield>
    <subfield code="d">15210</subfield>
  </datafield>
  <datafield tag="952" ind1=" " ind2=" ">
    <subfield code="0">0</subfield>
    <subfield code="1">0</subfield>
    <subfield code="2">ddc</subfield>
    <subfield code="4">0</subfield>
    <subfield code="7">0</subfield>
    <subfield code="8">SMS</subfield>
    <subfield code="a">CLIITBBS</subfield>
    <subfield code="b">CLIITBBS</subfield>
    <subfield code="d">2025-12-08</subfield>
    <subfield code="e">31</subfield>
    <subfield code="g">7055.10</subfield>
    <subfield code="h">I</subfield>
    <subfield code="l">0</subfield>
    <subfield code="o">518.2015153 PRE/N</subfield>
    <subfield code="p">TB12676</subfield>
    <subfield code="r">2025-12-08 00:00:00</subfield>
    <subfield code="v">9664.52</subfield>
    <subfield code="w">2025-12-08</subfield>
    <subfield code="y">TB</subfield>
  </datafield>
  <datafield tag="952" ind1=" " ind2=" ">
    <subfield code="0">0</subfield>
    <subfield code="1">0</subfield>
    <subfield code="2">ddc</subfield>
    <subfield code="4">0</subfield>
    <subfield code="7">0</subfield>
    <subfield code="8">SMS</subfield>
    <subfield code="a">CLIITBBS</subfield>
    <subfield code="b">CLIITBBS</subfield>
    <subfield code="d">2026-02-19</subfield>
    <subfield code="e">31</subfield>
    <subfield code="g">7457.42</subfield>
    <subfield code="l">0</subfield>
    <subfield code="o">518.2015153 PRE/N</subfield>
    <subfield code="p">TB12817</subfield>
    <subfield code="r">2026-02-19 00:00:00</subfield>
    <subfield code="v">10215.64</subfield>
    <subfield code="w">2026-02-19</subfield>
    <subfield code="y">RES</subfield>
  </datafield>
</record>
